000 00748cam a2200253 i 4500
008
020 _a0134872649 (pbk.)
049 _aMAIN
090 _aHF5635
_bHOR
100 1 _aHorngren, Charles T.
245 1 0 _aIntroduction to management accounting /
_cCharles T. Horngren.
250 _a5th ed.
260 _aEnglewood Cliffs, N.J. :
_bPrentice Hall,
_cc1981.
300 _axvi, 638 p. :
_bill. ;
_c24 cm.
500 _aIncludes index.
504 _aIncludes bibliographical references.
650 0 _aManagerial accounting.
650 0 _aCost accounting.
907 _a.b1037016x
_b29-02-16
_c25-02-16
003
005 20230123122209.0
040 _cNUST
942 _cBOOKS
_kHF5635
_mHOR
999 _c129488
_d129488